| 000 | 00448nam a2200181Ia 4500 | ||
|---|---|---|---|
| 005 | 20231030112113.0 | ||
| 008 | 131103s9999 xx 000 0 und d | ||
| 040 | _aLoreto College | ||
| 041 | _aEnglish | ||
| 082 |
_a920 _bSMY |
||
| 245 |
_a...But Not Conquered _cedited by Bernard T.Smyth |
||
| 260 |
_aDublin _bBrowne _c1958 |
||
| 300 | _a216p. | ||
| 650 | _aBiography | ||
| 700 | _aSmyth, Bernard T; ed. | ||
| 850 | _aLCLIB | ||
| 942 | _cBK | ||
| 999 |
_c25546 _d76025 |
||